| 000 | 00853cam a2200277 i 4500 | ||
|---|---|---|---|
| 999 |
_c200454194 _d72406 |
||
| 003 | TR-AnTOB | ||
| 005 | 20230919112754.0 | ||
| 007 | ta | ||
| 008 | 220704s2021 tu a 000 0 tur d | ||
| 020 | _a9786050635515 | ||
| 040 |
_aTR-AnTOB _btur _erda _cTR-AnTOB |
||
| 041 | 0 | _atur | |
| 044 | _ctu | ||
| 060 |
_aWS 105 _bB992 2021 |
||
| 096 |
_aWS105 _bB992 2021 |
||
| 245 | 0 | 0 |
_aBüyümenin değerlendirilmesine olgularla yaklaşım / _ced. Ömer Faruk Beşer, Diğdem Bezen, Yelda Türkmenoğlu. |
| 264 | 1 |
_aİstanbul : _bFilmon Baskı, _c2021. |
|
| 300 |
_a120 pages : _billustrations ; _c20 cm |
||
| 336 |
_btxt _atext _2rdacontent |
||
| 337 |
_bn _aunmediated _2rdamedia |
||
| 338 |
_bnc _avolume _2rdacarrier |
||
| 500 | _aKaynakça bölüm sonlarındadır. | ||
| 650 | 0 |
_aChild rearing _934177 |
|
| 942 |
_2NLM _cBK |
||